00777nam a22002177a 450000500170000001000150001702000270003203500140005903700090007308200140008210000200009624500700011625000060018626000410019227000750023330000200030870000320032894200250036099900190038595201550040420251030153554.0 aENG-147049 c1050.00a9789364449922 aEN-130581 bDBAD a657.9523 aHanif, M98558300aFundamentals of Corporate Accounting/cM Hanif [and] A Mukherjee  a3 aChennaibMcGraw Hill Educationc2025 aAnjana Complex No. 5/90 A, Butt Road, St Thomas MountbChennaie600016 avpp. c24cm(pb) aMukherjee, AeAuthor985584 2ddccENmMHAh657.95 c213693d213693 001040708NFICaMbMd2025-10-30eDelivery of Books Act Divisiong1050.00l0oMHA 657.95pEN-130581r2025-10-30 00:00:00t1v1050.00w2025-10-30yEN